LIBRARY & INFORMATION CENTRE, KCAET, TAVANUR

ONLINE PUBLIC ACCESS CATALOGUE (OPAC)

Getting started with MATLAB 7 / (Record no. 12941)

MARC details
000 -LEADER
fixed length control field 00366cam a2200145ua 4500
003 - CONTROL NUMBER IDENTIFIER
control field OSt
008 - FIXED-LENGTH DATA ELEMENTS--GENERAL INFORMATION
fixed length control field 230225b |||||||| |||| 00| 0 eng d
041 ## - LANGUAGE CODE
Language code of text/sound track or separate title eng
082 ## - DEWEY DECIMAL CLASSIFICATION NUMBER
Classification number 502.85
Item number RUD/MA
100 ## - MAIN ENTRY--AUTHOR NAME
Personal name Rudra, Pratap .
245 ## - TITLE STATEMENT
Title Getting started with MATLAB 7 /
260 ## - PUBLICATION, DISTRIBUTION, ETC. (IMPRINT)
Place of publication Calcutta :
Name of publisher Oxford University Press ,
Year of publication 2006.
300 ## - PHYSICAL DESCRIPTION
Number of Pages ; .
942 ## - ADDED ENTRY ELEMENTS (KOHA)
Koha item type Books
Holdings
Withdrawn status Lost status Damaged status Home library Current library Date acquired Accession Number Koha item type
      KAUAET KAUAET 07/04/2012 21300 Books
free website counter